<?xml version="1.0" encoding="UTF-8"?>
<record
    xmlns:xsi="http://www.w3.org/2001/XMLSchema-instance"
    xsi:schemaLocation="http://www.loc.gov/MARC21/slim http://www.loc.gov/standards/marcxml/schema/MARC21slim.xsd"
    xmlns="http://www.loc.gov/MARC21/slim">

  <leader>03555cam a22003974a 4500</leader>
  <datafield tag="952" ind1=" " ind2=" ">
    <subfield code="0">0</subfield>
    <subfield code="1">0</subfield>
    <subfield code="2">ddc</subfield>
    <subfield code="4">0</subfield>
    <subfield code="7">0</subfield>
    <subfield code="8">SOCIAL SCIENCE</subfield>
    <subfield code="a">MES</subfield>
    <subfield code="b">MES</subfield>
    <subfield code="c">SOCIAL SCIENCE</subfield>
    <subfield code="d">2019-02-20</subfield>
    <subfield code="g">3311.00</subfield>
    <subfield code="l">1</subfield>
    <subfield code="m">1</subfield>
    <subfield code="o">305.906914 CRE/F</subfield>
    <subfield code="p">38444</subfield>
    <subfield code="r">2023-01-06 00:00:00</subfield>
    <subfield code="s">2022-12-15</subfield>
    <subfield code="w">2019-02-20</subfield>
    <subfield code="y">BK</subfield>
    <subfield code="z">GL41R4</subfield>
  </datafield>
  <datafield tag="999" ind1=" " ind2=" ">
    <subfield code="c">11405</subfield>
    <subfield code="d">11405</subfield>
  </datafield>
  <controlfield tag="001">14112014</controlfield>
  <controlfield tag="003">OSt</controlfield>
  <controlfield tag="005">20200103092813.0</controlfield>
  <controlfield tag="008">050917s2006    mdua     b    101 0 eng  </controlfield>
  <datafield tag="010" ind1=" " ind2=" ">
    <subfield code="a">  2005027308</subfield>
  </datafield>
  <datafield tag="020" ind1=" " ind2=" ">
    <subfield code="a">0739112759 (cloth : alk. paper)</subfield>
  </datafield>
  <datafield tag="020" ind1=" " ind2=" ">
    <subfield code="a">0739112767 (pbk. : alk. paper)</subfield>
  </datafield>
  <datafield tag="020" ind1=" " ind2=" ">
    <subfield code="a">9780739112762</subfield>
  </datafield>
  <datafield tag="035" ind1=" " ind2=" ">
    <subfield code="a">(OCoLC)ocm61694781</subfield>
  </datafield>
  <datafield tag="040" ind1=" " ind2=" ">
    <subfield code="a">DLC</subfield>
    <subfield code="c">oclc</subfield>
    <subfield code="d">YDX</subfield>
    <subfield code="d">BAKER</subfield>
    <subfield code="d">DLC</subfield>
  </datafield>
  <datafield tag="042" ind1=" " ind2=" ">
    <subfield code="a">pcc</subfield>
  </datafield>
  <datafield tag="050" ind1="0" ind2="0">
    <subfield code="a">HV640</subfield>
    <subfield code="b">.F573 2006</subfield>
  </datafield>
  <datafield tag="082" ind1="0" ind2="0">
    <subfield code="a">305.906914</subfield>
    <subfield code="2">22</subfield>
    <subfield code="b">CRE/F</subfield>
  </datafield>
  <datafield tag="100" ind1=" " ind2=" ">
    <subfield code="9">986</subfield>
    <subfield code="a">Crepeau, Francois</subfield>
  </datafield>
  <datafield tag="245" ind1="0" ind2="0">
    <subfield code="a">Forced Migration and Global processes :</subfield>
    <subfield code="b">A view from forced migration studies /</subfield>
    <subfield code="c"> Fran&#xE7;ois Cr&#xE9;peau ... [et al.].</subfield>
  </datafield>
  <datafield tag="260" ind1=" " ind2=" ">
    <subfield code="a">Lanham :</subfield>
    <subfield code="b">Lexington Books,</subfield>
    <subfield code="c">c2006.</subfield>
  </datafield>
  <datafield tag="300" ind1=" " ind2=" ">
    <subfield code="a">416 p</subfield>
    <subfield code="b">ill. ;</subfield>
    <subfield code="c">23 cm.</subfield>
  </datafield>
  <datafield tag="440" ind1=" " ind2="0">
    <subfield code="a">Program in migration and refugee studies</subfield>
  </datafield>
  <datafield tag="500" ind1=" " ind2=" ">
    <subfield code="a">Papers presented at the 8th Biennial International Conference of the International Association for the Study of Forced Migration (IASFM), held in January 2003 in Chiang Mai, Thailand in cooperation with the Asian Research Centre for Migration, Chulalongkorn University.</subfield>
  </datafield>
  <datafield tag="504" ind1=" " ind2=" ">
    <subfield code="a">Includes bibliographical references and index.</subfield>
  </datafield>
  <datafield tag="505" ind1="0" ind2=" ">
    <subfield code="a">The international refugee convention : national identity as a limitation on compliance / Petrice R. Flowers -- A pragmatic solution, revisited : evaluating the successes and failures of a self-sufficiency and integration programme for Rwandese refugees in Burundi, 1962-1976 / Nathaniel H. Goetz -- Displacement by development and moral responsibility : a theoretical treatment / Peter Penz -- Involuntary resettlement in the Three Gorges Dam area in the perspective of forced migration due to hydraulic planning in China / Florence Padovani -- 'I went as far as my money would take me' : conflict, forced migration and class / Nicholas Van Hear -- Relief and development as flawed models for the provision of assistance to refugees in camps / Barb Wigley -- Globalization of human rights and its impact on internally displaced Kurds in Turkey / Betul Celik -- Beyond exile : refugee strategies in transnational contexts / Marita Eastmond -- Is the Australian Refugee Review Tribunal 'institutionally' biased? / Susan Kneebone -- Challenge without transformation : refugees, aid, and trade in western Tanzania / Loren B. Landau -- Protection, threat and movement of persons - examining the relationship of terrorism and migration in EU law after 11 September 2001 / Elspeth Guild -- Community services in refugee aid programmes : leading the way in the empowerment of refugees or a sop to humanitarian consciences / Oliver Bakewell -- 'Just a refugee': rights and status of refugees in New Zealand / Heather Devere, Keryn McDermott, Jane Verbitsky -- Terrorism and the non-derogability of non-refoulement / Ren&#xE9; Bruin and Kees Wouters.</subfield>
  </datafield>
  <datafield tag="650" ind1=" " ind2="0">
    <subfield code="a">Forced migration</subfield>
    <subfield code="v">Congresses.</subfield>
  </datafield>
  <datafield tag="650" ind1=" " ind2="0">
    <subfield code="a">Refugees</subfield>
    <subfield code="v">Congresses.</subfield>
  </datafield>
  <datafield tag="700" ind1=" " ind2=" ">
    <subfield code="a">Crepeau, Francois</subfield>
    <subfield code="9">986</subfield>
  </datafield>
  <datafield tag="710" ind1="2" ind2=" ">
    <subfield code="a">International Association for the Study of Forced Migration.</subfield>
    <subfield code="b">International Conference.</subfield>
    <subfield code="n">(8th :</subfield>
    <subfield code="d">2003 :</subfield>
    <subfield code="c">Chiang Mai, Thailand)</subfield>
  </datafield>
  <datafield tag="710" ind1="2" ind2=" ">
    <subfield code="a">&#x10C;hul&#x101;longk&#x14D;&#x31C;nmah&#x101;witthay&#x101;lai.</subfield>
    <subfield code="b">S&#x16B;n Wic&#x306;hai K&#x101;ny&#x101;ithin H&#x1E3;ng &#x2BB;&#x112;ch&#x12B;a.</subfield>
  </datafield>
  <datafield tag="856" ind1="4" ind2="1">
    <subfield code="3">Table of contents</subfield>
    <subfield code="u">http://www.loc.gov/catdir/toc/ecip0519/2005027308.html</subfield>
  </datafield>
  <datafield tag="906" ind1=" " ind2=" ">
    <subfield code="a">7</subfield>
    <subfield code="b">cbc</subfield>
    <subfield code="c">orignew</subfield>
    <subfield code="d">1</subfield>
    <subfield code="e">ecip</subfield>
    <subfield code="f">20</subfield>
    <subfield code="g">y-gencatlg</subfield>
  </datafield>
  <datafield tag="942" ind1=" " ind2=" ">
    <subfield code="2">ddc</subfield>
    <subfield code="c">BK</subfield>
    <subfield code="h">305.906914</subfield>
    <subfield code="i">CRE/F</subfield>
    <subfield code="k">305.906914</subfield>
    <subfield code="m">CRE/F</subfield>
  </datafield>
</record>
